• 首页
  • 本馆介绍
  • 公告通知
  • 最新文献
  • 馆藏检索
  • 电子资源
  • 读者导购
  • 参考咨询
  • 我的图书馆
  • 登录
  • 期刊详细显示
  • 现刊情况显示
  • 合订本情况显示
  • 篇目信息显示

期刊信息

  • 表格格式
  • 工作单格式
  • 卡片格式
索取号 
G43/KFJY
题名 
开放教育研究
作者 
开放教育研究编辑部
分册号 
分册名 
出版地 
上海
出版者 
开放教育研究编辑部
标准刊号 
1007-2179
出版频率 
双月刊
中图法分类 
G43
主题词 
电化教学; 电化教育
电子资源 
000 00646nas0 2200229 45
001 0552754062
005 20070515084038.96
010    @d10
011    @a1007-2179@dCNY 15.00
091    @aCN31-1724/G4
092    @b4-578
100    @a20051129d km y0chiy0120 ea
101 0  @achi
200 1  @a开放教育研究@AKai Fang Jiao Yu Yan Jiu@f开放教育研究编辑部@FKai Fang Jiao Yu Yan Jiu Bian Ji Bu
210    @a上海@c开放教育研究编辑部
326    @a双月刊
606 0  @a电化教学
606 0  @a电化教育
690    @aG43@v4
711  0 @a开放教育研究编辑部@AKai Fang Jiao Yu Yan Jiu Bian Ji Bu
801  0 @aCN@bPFT@c20070515
905    @aTJWY@dG43@eKFJY
    
    开放教育研究/开放教育研究编辑部.-上海:开放教育研究编辑部
    
    
    
    10 ISSN 1007-2179:CNY 15.00
    
●
相关链接: 在易读查询期刊 在中国知网中查询期刊 在万方数据查询期刊 在维普查询期刊
唐山师范学院图书馆 欢迎您!
大连网信软件有限公司© 版权所有